15 principales países afectados por Covid19 - 2 de mayo - Estadísticas

Estadísticas generales
  • Esta prueba ha sido intentada 14 veces
  • La puntuación promedio es 15 de 23
Estadísticas de respuestas
país % Correcto
China
100%
España
100%
Estados Unidos
100%
Francia
100%
Italia
100%
Alemania
91%
Brasil
91%
Reino Unido
91%
Rusia
91%
Canadá
73%
Irán
73%
Bélgica
55%
Bélgica
55%
Perú
55%
Turquía
55%
Irlanda
45%
Países Bajos
45%
Portugal
45%
Suecia
45%
Suiza
36%
Baréin
18%
Catar
18%
Singapur
18%
No se encontraron pruebas coincidentes
Distribución de puntuación
Porcentaje de gente con cada puntuación
Porcentaje por número respondido
Historial de tus puntuaciones
No has intentado esta prueba.